| 000 | 00524nam a2200169 i 4500 | ||
|---|---|---|---|
| 001 | 72498 | ||
| 003 | ES-MaACL | ||
| 005 | 20230906171443.0 | ||
| 007 | t| | ||
| 008 | 040901s1970 sp ||||1| spa d | ||
| 100 | 1 |
_aGirolami, C. _957264 |
|
| 245 | 1 | 0 |
_aAnálisis y optimación de fondo de rotación / _cpor C. Girolami ; traducida por: Manuel Poblete Ruiz. |
| 260 |
_aMadrid : _bIbérico Europea, _c[1970] |
||
| 300 |
_a104 p. ; _c22 cm. |
||
| 700 | 1 |
_aPoblete Ruiz, Manuel. _992692 |
|
| 852 |
_aES-MaACL _jC-38561 _bR.72677 |
||
| 999 |
_c72498 _d72498 |
||